00362nam a2200121Ia 4500008004100000245010100041260001700142260000900159300000800168650002300176650001200199856002900211170516s9999 xx 000 0 und d aAnalytical and Theranostic Applications of Gold Nanoparticles and Multifunctional Nanocomposites bTheranostics c2013 a3:3 xMedical Technology xMedtech uhttp://www.thno.org/v3i3